000 01378nam a22002657a 4500
001 5176
003 FISKH
005 20241108141934.0
008 241108b cb ||||| |||| 00| 0 eng d
020 _a9781406305593
040 _aFISKH
_beng
_cFISKH
_dFISKH
050 _aQL49.D362
082 _a590
100 _aDavies, Nicola
_d(1958–)
245 _aExtreme animals /
_cThe toughest Creatures on Earth by Nicola Davies illustrated by Neal Layton
250 _aThis edition published in 2007
260 _aLondon :
_bWalker,
_c2007.
300 _a61 pages :
_bColor illustrations ;
_c15 cm
520 _aAnimals adapt to their surroundings for survival. Learn how they survive in conditions that humans never would. Are you ready for the competition? From the persevering emperor penguins of the South Pole to the brave bacteria inside bubbling volcanoes, from the hardy reptiles of the driest deserts to the squash-proof creatures of the deepest seabeds, animals have adapted to survive in conditions that would kill a human faster than you can say "coffin." Discover how they do it in this amazing natural history book from a celebrated team - and find out who wins the title of the toughtest animal of them all!
650 _2Animals
_aNon-fiction
650 _2Picture book
_aScience
700 _aLayton, Neal
_dIllustrator
942 _2ddc
_cBK
_n0
999 _c5176
_d5176